000
00316nam a2200121Ia 4500
008
240624s9999 xx 000 0 und d
041
_a
eng
082
_a
327.730182 KAP
100
_a
KAPLAN ROBERT D
245
_a
MONSOON THE INDIAN OCEAN AND THE FUTURE
260
_c
2010
_a
New Delhi
_b
Random House
365
_c
RS
_b
30
999
_c
27798
_d
27798